| 000 | 01386cam a2200433 i 4500 | ||
|---|---|---|---|
| 001 | 4157 | ||
| 003 | FISKH | ||
| 005 | 20250704105320.0 | ||
| 008 | 150223s2014 nyua b 000 0 eng d | ||
| 010 | _a 2015301701 | ||
| 020 | _a9780545631600 | ||
| 020 | _a0545631602 | ||
| 020 | _a9780606358187 (hardcover) | ||
| 020 | _a0606358188 (hardcover) | ||
| 035 | _a(OCoLC)ocn884507665 | ||
| 040 |
_aIMF _beng _cIMF _erda _dIMF _dZQP _dJP3 _dFOLLT _dYDXCP _dBTCTA _dBDX _dCLE _dVP@ _dCCD _dDLC |
||
| 050 | _aHD8039.F5 | ||
| 082 | _a363.37 | ||
| 100 | 1 | _aArnold, Tedd, | |
| 245 | 1 | 0 |
_aFly Guy presents : _bfirefighters / _cTedd Arnold. |
| 260 |
_aNew York : _bScholastic, _c2014. |
||
| 300 |
_a32 unnumbered pages : _billustrations ; _c23 cm |
||
| 336 |
_atext _2rdacontent |
||
| 336 |
_astill image _2rdacontent |
||
| 337 |
_aunmediated _2rdamedia |
||
| 338 |
_avolume _2rdacarrier |
||
| 490 | 1 | _aFly Guy | |
| 490 | 1 | _aScholastic reader. Level 2 | |
| 505 | _aO | ||
| 520 | _aBuzz and Fly Guy visit the firehouse, where they learn facts about firefighters, fire trucks, and fire safety . | ||
| 521 |
_a600
_bLexile |
||
| 521 |
_aO
_bRaz-Plus |
||
| 650 | 0 |
_aFire fighters _vJuvenile literature. |
|
| 650 | 1 | _aFire fighters. | |
| 655 | 7 |
_aReaders (Elementary). _2lcsh |
|
| 906 |
_a7 _bcbc _ccopycat _d2 _encip _f20 _gy-gencatlg |
||
| 942 |
_2ddc _cBK _n0 |
||
| 999 |
_c4157 _d4157 |
||